<?xml version="1.0" encoding="UTF-8"?><?xml-stylesheet type="text/xsl" href="static/style.xsl"?><OAI-PMH xmlns="http://www.openarchives.org/OAI/2.0/" xmlns:xsi="http://www.w3.org/2001/XMLSchema-instance" xsi:schemaLocation="http://www.openarchives.org/OAI/2.0/ http://www.openarchives.org/OAI/2.0/OAI-PMH.xsd"><responseDate>2026-06-06T18:06:51Z</responseDate><request verb="GetRecord" identifier="oai:riuma.uma.es:10630/34225" metadataPrefix="marc">https://riuma.uma.es/rest/oai/request</request><GetRecord><record><header><identifier>oai:riuma.uma.es:10630/34225</identifier><datestamp>2026-02-03T10:54:58Z</datestamp><setSpec>com_10630_2254</setSpec><setSpec>col_10630_37953</setSpec></header><metadata><record xmlns="http://www.loc.gov/MARC21/slim" xmlns:dcterms="http://purl.org/dc/terms/" xmlns:doc="http://www.lyncode.com/xoai" xmlns:xsi="http://www.w3.org/2001/XMLSchema-instance" xsi:schemaLocation="http://www.loc.gov/MARC21/slim http://www.loc.gov/standards/marcxml/schema/MARC21slim.xsd">
   <leader>00925njm 22002777a 4500</leader>
   <datafield ind2=" " ind1=" " tag="042">
      <subfield code="a">dc</subfield>
   </datafield>
   <datafield ind2=" " ind1=" " tag="720">
      <subfield code="a">Blanco Fajardo, Sergio</subfield>
      <subfield code="e">author</subfield>
   </datafield>
   <datafield ind2=" " ind1=" " tag="260">
      <subfield code="c">2018-06-30</subfield>
   </datafield>
   <datafield ind2=" " ind1=" " tag="520">
      <subfield code="a">Una vez impuesto el Nuevo Estado e incardinadas las mujeres en la esfera doméstica, éstas se transformarían en productoras y reproductoras de las políticas franquistas a través de constantes y reiterativos mecanismos de adoctrinamiento e interpelación. En esta trayectoria, la radio, como dispositivo cultural al servicio de la dictadura, contribuyó, junto con las actividades de Sección Femenina y Acción Católica, a transmitir el modelo arquetípico de “ángel del hogar”. El presente trabajo pretende exponer a través del análisis de las emisiones de radio femeninas las pautas de consumo de tiempo en el hogar y mostrar que la programación, con sus contenidos, hiatos y secuencias, se dirigía a legitimar y fortalecer la presencia de las mujeres en los espacios domésticos.</subfield>
   </datafield>
   <datafield ind1="8" ind2=" " tag="024">
      <subfield code="a">SERGIO BLANCO FAJARDO. “La radio, compañera del hogar. Uso y consumo del espacio y el horario doméstico durante el primer franquismo (1939-1959)”, Alcores. Revista de historia Contemporánea, Nº 22, pp. 67-86.</subfield>
   </datafield>
   <datafield ind1="8" ind2=" " tag="024">
      <subfield code="a">https://hdl.handle.net/10630/34225</subfield>
   </datafield>
   <datafield ind1="8" ind2=" " tag="024">
      <subfield code="a">10.69791/rahc.44</subfield>
   </datafield>
   <datafield tag="653" ind2=" " ind1=" ">
      <subfield code="a">Franquismo</subfield>
   </datafield>
   <datafield tag="653" ind2=" " ind1=" ">
      <subfield code="a">Radio - Programas</subfield>
   </datafield>
   <datafield tag="653" ind2=" " ind1=" ">
      <subfield code="a">Mujeres</subfield>
   </datafield>
   <datafield ind2="0" ind1="0" tag="245">
      <subfield code="a">La radio, compañera del hogar. Uso y consumo del espacio y el horario doméstico durante el primer franquismo (1939-1959)</subfield>
   </datafield>
</record>
</metadata></record></GetRecord></OAI-PMH>